Teatro francés hoy (uno) : (Record no. 185072)
[ view plain ]
| 000 -LEADER | |
|---|---|
| campo de control de longitud fija | 01313nam a2200313 i 4500 |
| 001 - NÚMERO DE CONTROL | |
| campo de control | 185072 |
| 003 - IDENTIFICADOR DE NÚMERO DE CONTROL | |
| campo de control | ES-MaACL |
| 005 - FECHA Y HORA DE LA ÚLTIMA TRANSACCIÓN | |
| campo de control | 20250720204408.0 |
| 008 - DATOS DE LONGITUD FIJA--INFORMACIÓN GENERAL | |
| campo de control de longitud fija | 160317s2004 ag |||| | spa d |
| 020 ## - NÚMERO INTERNACIONAL ESTÁNDAR DEL LIBRO | |
| Número Internacional Estándar del Libro | 987-1155-11-5 |
| 080 ## - NÚMERO DE LA CLASIFICACIÓN DECIMAL UNIVERSAL | |
| Número de la Clasificación Decimal Universal | 821.133.1-23"19"(082.2) |
| 245 00 - MENCIÓN DEL TÍTULO | |
| Título | Teatro francés hoy (uno) : |
| Resto del título | tintas frescas en Buenos Aires / |
| Mención de responsabilidad, etc. | prólogo y edición al cuidado de Jorge Dubatti. |
| 260 ## - PUBLICACIÓN, DISTRIBUCIÓN, ETC. | |
| Lugar de publicación, distribución, etc. | Buenos Aires : |
| Nombre del editor, distribuidor, etc. | Atuel, |
| Fecha de publicación, distribución, etc. | [2004] |
| 300 ## - DESCRIPCIÓN FÍSICA | |
| Extensión | 187 p. ; |
| Dimensiones | 20 cm. |
| 490 1# - MENCIÓN DE SERIE | |
| Mención de serie | Atuel. Teatro |
| 504 ## - NOTA DE BIBLIOGRAFÍA, ETC. | |
| Nota de bibliografía, etc. | Bibliografía: p. 12. |
| 505 8# - NOTA DE CONTENIDO CON FORMATO | |
| Nota de contenido con formato | Contiene: Chroniques = Crónicas / Xavier Durringer . Ma vie de chandelle = Aguantando la vela / Fabrice Melquiot . Inventaires = Inventarios / Philippe Minyana . L'inquiétude = La inquietud / Valère Novarina |
| 546 ## - NOTA DE IDIOMA | |
| Nota de lengua/lenguaje | Texto en francés y español. |
| 594 ## - Nota al título y mención de responsabilidad | |
| Nota al título y mención de responsabilidad | En cub.: Encuentros Teatrales de Francia y América Latina. |
| 650 #4 - PUNTO DE ACCESO ADICIONAL DE MATERIA--TÉRMINO DE MATERIA | |
| Término de materia o nombre geográfico como elemento de entrada | Teatro francés- |
| Subdivisión cronológica | S.XX. |
| 9 (RLIN) | 17362 |
| 700 1# - ENTRADA AGREGADA--NOMBRE PERSONAL | |
| Nombre de persona | Dubatti, Jorge A. ( |
| Fechas asociadas al nombre | 1963-) |
| 9 (RLIN) | 159122 |
| 700 1# - ENTRADA AGREGADA--NOMBRE PERSONAL | |
| Nombre de persona | Durringer, Xavier, |
| Fechas asociadas al nombre | 1963- |
| 9 (RLIN) | 159124 |
| 700 1# - ENTRADA AGREGADA--NOMBRE PERSONAL | |
| Nombre de persona | Melquiot, Fabrice ( |
| Fechas asociadas al nombre | 1972-) |
| 9 (RLIN) | 159125 |
| 700 1# - ENTRADA AGREGADA--NOMBRE PERSONAL | |
| Nombre de persona | Minyana, Philippe. |
| 9 (RLIN) | 159126 |
| 700 1# - ENTRADA AGREGADA--NOMBRE PERSONAL | |
| Nombre de persona | Novarina, Valère ( |
| Fechas asociadas al nombre | 1942-) |
| 9 (RLIN) | 159127 |
| 830 1# - PUNTO DE ACCESO ADICIONAL DE SERIE-TÍTULO UNIFORME | |
| Título uniforme | Atuel. Teatro |
| 9 (RLIN) | 225164 |
| 852 4# - LOCALIZACIÓN | |
| Ubicación | ES-MaACL |
| Número de control de estantería | L-30264 |
| Nota libre | - Donat. Carmen Zumárraga |
| Estatus retirado | Estado de pérdida | Estado de daño | No para préstamo | Biblioteca de origen | Biblioteca actual | Ubicación en estantería | Fecha de adquisición | Fuente de adquisición | Total de préstamos | Signatura topográfica completa | Código de barras | Visto por última vez | Precio de reemplazo | Tipo de ítem Koha |
|---|---|---|---|---|---|---|---|---|---|---|---|---|---|---|
| Biblioteca del Ateneo de Madrid | Biblioteca del Ateneo de Madrid | Depósito 2 | 17/03/2016 | L-30264 | 1194941 | 23/02/2023 | 23/02/2023 | Libro impreso |
